000 00634nam a2200217Ia 4500
003 OSt
005 20220926040510.0
006 a|||||r|||| 00| 0
007 ta
008 220923b |||||||| |||| 00| 0 eng d
037 _cGeneral Book
040 _aRTL
_cRTL
_beng
041 _2eng
_aeng
082 _aX:8.3.N58t4, J8
110 _aIndustrial Welfare Society (London)
_9343743
245 0 _aSuccessful suggestion schemes
_b A guide to current
650 _aManagement
_930681
700 _aIndustrial Welfare Society (London)
_9343744
942 _hX:8.3.N58t4, J8
_cGB
_2CC
999 _c664974
_d664974